000 00468nam a2200169 a 4500
001 0000-8647
003 ELIB.Books
008 110520 1934
035 _a(ELIB.Books)0000-8793
082 _a822.33
_bSha
100 _aShakespeare, William
245 _aThe Works of William Shakespeare Volume V
260 _bLondon: William Clowes and Sons Limited
_c1934
650 _aWilliam Shakespeare
942 _2ddc
_cBK
998 _cbat
_e2011-05-20
999 _c8647
_d8647